Sensors. A comprehensive survey : Volume 2. Chemical and biochemical sensors /
Salvato in:
| Altri autori: | |
|---|---|
| Natura: | Libro |
| Lingua: | inglese |
| Pubblicazione: |
Weinheim :
VCH,
1991
|
| Soggetti: | |
| Tags: |
Nessun Tag, puoi essere il primo ad aggiungerne!!
|
MARC
| LEADER | 00000nam a22000003a 4500 | ||
|---|---|---|---|
| 001 | stu2155 | ||
| 005 | 20150617225619.4 | ||
| 008 | 920724s1991----gw------------------eng-d | ||
| 020 | |a 3-527-26768-9 | ||
| 040 | |a STU |b slo | ||
| 041 | 0 | |a eng | |
| 044 | |a gw | ||
| 080 | |a 681.586.5/.7 | ||
| 100 | 1 | |a Göpel, W |4 com | |
| 245 | 1 | |a Sensors. A comprehensive survey : |b Volume 2. Chemical and biochemical sensors / |c Edit.: Göpel,W. a kol | |
| 260 | |a Weinheim : |b VCH, |c 1991 | ||
| 300 | |a 716 s | ||
| 650 | 7 | |a chemické senzory |2 stusub | |
| 650 | 7 | |a biochemické senzory |2 stusub | |
| 996 | |b E76801 |c E*76801 |l EE11 |s P |a 0 |w stu2155_0001 | ||